000 00291nam a22001337a 4500
008 170516b xxu||||| |||| 00| 0 eng d
020 _a9780321510860
041 _aeng
080 _23RD
_a94
100 _a16
101 _aSHH
245 _aAMERICAN DESTINY
_cCARNES, M.C
942 _2udc
_cBK
999 _c13368
_d13368